000 00719nam a22002177a 4500
005 20170124110206.0
010 _aA-997477
020 _c150.00
035 _aA-997477
037 _bCen Lib/Ret
040 _aDPL
_bEN
082 _a000
_bRGU
100 _aR. Gupta
_972677
245 _aPopular master guide divisional accountants auditors/ U.D.S.s exam :
_cby R. Gupta
_bconducted by S.S.C. /
260 _aNew Delhi
_bRanee publications
_c1999
270 _a12-H, New Daryaganj road Opp. traffic Kotwali
_bNew Delhi
_e110002
300 _avarious pagings
_c22cm(Hb)
650 _aAuditors -- exam guide
_972678
650 _aAccoutants -- exam guide
_972679
942 _2ddc
_cEN
_h000
_mRGU
999 _c133229
_d133229